LDR 01439naa#a2200193#i#450# 001 RU\\bibl\121741 005 20260502021600.6 011 ## _a1998-8990 100 ## _a20260423b2026####ek#y0rusy0150####ca 102 ## _aRU 200 1# _aОБОСНОВАНИЕ ТЕХНИЧЕСКОЙ ВОЗМОЖНОСТИ И ПАРАМЕТРОВ ПРИМЕНЕНИЯ ПИРОПАТРОНОВ ДЛЯ РАСПЫЛЕНИЯ БИНАРНЫХ СМЕСЕЙ ДЛЯ НУЖД ПОЖАРОТУШЕНИЯ _eЖурнальная статья 210 1# _aСанкт-Петербург _cСанкт-Петербургский университет Государственной противопожарной службы Министерства Российской Федерации по делам гражданской обороны, чрезвычайным ситуациям и ликвидации последствий стихийных бедствий имени Героя Российской Федерации генерала армии Е.Н. Зиничева _d2026 215 ## _a9 с. 608 ## _aЖурнальная статья _2local 675 ## _aТушение с помощью других, например химических средств. 614.844.6 _z 700 #1 _aСорокин _gИгорь Александрович 700 #1 _aБулатов _gВ О 700 #1 _aРуднев _gЕвгений Владимирович 856 4# _ajournals.igps.ru _u